000 00303nam a2200109Ia 4500
008 220630s9999 xx 000 0 und d
020 _a0-521-14698-4
082 _a428.2496ACHE
100 _aAchebe, Chinua
_91515
245 0 _aCHIKE AND THE RIVER
942 _cBK
_w561
_xJohn Tresidder
_y
_zCRON CRON
999 _c694205
_d694204